L'école face à la violence : Décrire, expliquer, agir (notice n° 2198588)
[ vue normale ]
| 000 -LEADER | |
|---|---|
| fixed length control field | 01491cam a2200133 4500500 |
| 005 - DATE AND TIME OF LATEST TRANSACTION | |
| control field | 20260405085551.0 |
| 041 ## - LANGUAGE CODE | |
| Language code of text/sound track or separate title | fre |
| 042 ## - AUTHENTICATION CODE | |
| Authentication code | dc |
| 100 10 - MAIN ENTRY--PERSONAL NAME | |
| Personal name | Debarbieux, Éric |
| Relator term | author |
| 245 00 - TITLE STATEMENT | |
| Title | L'école face à la violence : Décrire, expliquer, agir |
| 260 ## - PUBLICATION, DISTRIBUTION, ETC. | |
| Name of publisher, distributor, etc. | Armand Colin,<br/> |
| Date of publication, distribution, etc. | 2016.<br/> |
| 520 ## - SUMMARY, ETC. | |
| Summary, etc. | Une approche objective de la violence à l’école est plus que jamais nécessaire. Il ne s’agit pas d’être naïfs mais bien de poser les questions essentielles et d’y répondre à l’aune de la recherche scientifique.Ce livre rassemble les contributions d’un panel international de chercheurs parmi les meilleurs spécialistes. Comment mesurer la violence à l’école et comment la définir – du harcèlement à la violence d’intrusion ou à la cyberviolence ? Comment y faire face ? La tolérance zéro est-elle une solution ? Quels liens avec le climat scolaire ? Avec la radicalisation ? Quel travail avec la Police ? Que nous apprend la « science du danger » sur les risques et sur leur prévention ? Comment gérer les menaces ? Y a-t-il des « bonnes » et des « mauvaises » solutions ? Comment faire face aux troubles du comportement ? Comment se former ? Autant de questions vives, en France comme à l’étranger dont les réponses s’appuient sur des recherches solides, pour ne pas céder aux simplismes dangereux. |
| 856 41 - ELECTRONIC LOCATION AND ACCESS | |
| Uniform Resource Identifier | <a href="https://shs.cairn.info/l-ecole-face-a-la-violence--9782200616083?lang=fr&redirect-ssocas=7080">https://shs.cairn.info/l-ecole-face-a-la-violence--9782200616083?lang=fr&redirect-ssocas=7080</a> |
Pas d'exemplaire disponible.




Réseaux sociaux